| 000 | 00696nam a2200217Ia 4500 | ||
|---|---|---|---|
| 003 | OSt | ||
| 005 | 20230503143742.0 | ||
| 008 | 210423s2011 xx 000 0 und d | ||
| 020 | _a978-81-322-0236-3 | ||
| 040 | _cAL | ||
| 041 | _aeng | ||
| 082 |
_a338.04 _223 _bACSH |
||
| 100 |
_aACS (Zoltan J);AUDRETSCH (David B) _997157 |
||
| 245 | _aHandbook of entrepreneurship research: an interdisciplinary survey and introduction | ||
| 260 |
_aNew Delhi _bSpringer Pvt Ltd _c2011 |
||
| 300 |
_axvi,555 _bPB |
||
| 365 |
_b695 _cINR |
||
| 650 |
_aProduction Economics _997158 |
||
| 906 | _aan ; entrepreneurship ; Handbook ; interdisciplinary ; introduction ; research: ; survey | ||
| 942 |
_2ddc _cBK |
||
| 999 |
_c171000 _d171000 |
||